| 000 | 00613nam a2200181 i 4500 | ||
|---|---|---|---|
| 001 | 46337 | ||
| 003 | ES-MaACL | ||
| 005 | 20230906161350.0 | ||
| 007 | t| | ||
| 008 | 030328s1986 lu ||||1| spa d | ||
| 020 | _a84-825-5784-7 | ||
| 110 | 2 |
_aComisión Europea. _93143 |
|
| 245 | 1 | 0 |
_aInforme general sobre la actividad de las Comunidades Europeas / _cComisión de las Comunidades Europeas. |
| 260 |
_aBruselas ; _aLuxemburgo : _bOficina de Publicaciones de las Comunidades Europeas, _c1986. |
||
| 300 |
_a418 p. ; _c23 cm. |
||
| 505 | 8 | _aContiene: 19º Informe, 1985 | |
| 852 |
_aES-MaACL _jL-10464 _bR.112185 |
||
| 999 |
_c46337 _d46337 |
||